Lí luận văn học
Những kiến thức và hệ thống kiến thức về cơ sở lý luận văn học, về tác phẩm văn học, thể loại văn học, phương pháp sáng tác, trào lưu, trường phái văn học, thi pháp học.
Shranjeno v:
| Glavni avtor: | |
|---|---|
| Format: | Knjiga |
| Jezik: | Undetermined |
| Izdano: |
Hà Nội
Giáo dục
2006
|
| Teme: | |
| Oznake: |
Označite
Brez oznak, prvi označite!
|
| Thư viện lưu trữ: | Trung tâm Học liệu Trường Đại học Cần Thơ |
|---|
| LEADER | 01006nam a2200241Ia 4500 | ||
|---|---|---|---|
| 001 | CTU_110723 | ||
| 008 | 210402s9999 xx 000 0 und d | ||
| 020 | |c 24000 | ||
| 082 | |a 801.95 | ||
| 082 | |b Đ552 | ||
| 100 | |a Hà, Minh Đức | ||
| 245 | 0 | |a Lí luận văn học | |
| 245 | 0 | |c Hà Minh Đức ( Chủ biên) ... [et al.] | |
| 260 | |a Hà Nội | ||
| 260 | |b Giáo dục | ||
| 260 | |c 2006 | ||
| 520 | |a Những kiến thức và hệ thống kiến thức về cơ sở lý luận văn học, về tác phẩm văn học, thể loại văn học, phương pháp sáng tác, trào lưu, trường phái văn học, thi pháp học. | ||
| 526 | |a Tiến trình văn học,Tác phẩm văn học và thể loại văn học | ||
| 526 | |b SP531,SG374 | ||
| 650 | |a Literature,Literature | ||
| 650 | |x History and criticism,Philosophy | ||
| 904 | |i M.Loan | ||
| 980 | |a Trung tâm Học liệu Trường Đại học Cần Thơ | ||